000 00266nam a22001217a 4500
008 181015b xxu||||| |||| 00| 0 eng d
041 _aeng
080 _a710
100 _a45
101 _aART
245 _aInternational Studio
_cMacebetth.W
942 _2udc
_cBK
999 _c49744
_d49744